LEADER 01108nam 2200373 450 001 9910317806603321 005 20221021140741.0 010 $a1-83881-565-1 010 $a1-78923-441-7 035 $a(CKB)4970000000100018 035 $a(NjHacI)994970000000100018 035 $a(EXLCZ)994970000000100018 100 $a20221021d2018 uy 0 101 0 $aeng 135 $aur||||||||||| 181 $ctxt$2rdacontent 182 $cc$2rdamedia 183 $acr$2rdacarrier 200 00$aBringing thermoelectricity into reality /$fPatricia Aranguren, editor 210 1$a[Place of publication not identified] :$cIntechOpen,$d[2018] 210 4$dİ2018 215 $a1 online resource (386 pages) $cillustrations 311 $a1-78923-440-9 320 $aIncludes bibliographical references. 606 $aThermoelectricity 615 0$aThermoelectricity. 676 $a537.65 702 $aAranguren$b Patricia 801 0$bNjHacI 801 1$bNjHacl 906 $aBOOK 912 $a9910317806603321 996 $aBringing Thermoelectricity into Reality$92165879 997 $aUNINA